000 00259nam a22001217a 4500
008 181011b xxu||||| |||| 00| 0 eng d
041 _aeng
080 _a701
100 _a45
101 _aART
245 _aThe Taste of our Time
_cSkira, A
942 _2udc
_cBK
999 _c49405
_d49405